[Event "Albena Open 2012"]
[Site "Albena Resort, Albena Hall"]
[Date "2012.05.26"]
[Round "1"]
[White "Akopian, Vladimir"]
[Black "Gunajew, Rafal"]
[Result "1-0"]
[WhiteElo "2697"]
[BlackElo "2243"]
[PlyCount "71"]
[EventDate "2012.05.26"]
[EventRounds "9"]
[EventCountry "BUL"]

1. Nf3 Nf6 2. c4 d6 3. d4 Nbd7 4. Nc3 c6 5. Bg5 Qc7 6. e3 e5 7. Qc2 Be7 8.
O-O-O a6 9. Bd3 b5 10. dxe5 dxe5 11. Bf5 h6 12. Bxf6 Nxf6 13. Bxc8 Rxc8 14. Qf5
b4 15. Ne4 Nxe4 16. Qxe4 Bf6 17. g4 g6 18. h4 Bg7 19. h5 g5 20. Nd4 O-O 21. Nf5
Rfd8 22. Rxd8+ Rxd8 23. Rd1 Rxd1+ 24. Kxd1 Bf8 25. Kc2 Qa5 26. Kb3 Qd8 27. Kc2
Qa5 28. Qxc6 Qxa2 29. Qc8 b3+ 30. Kc3 Qa5+ 31. Kxb3 Qb4+ 32. Kc2 e4 33. Qxa6
Qe1 34. c5 Qxf2+ 35. Kc3 Bxc5 36. Qf6 1-0

[Event "Albena Open 2012"]
[Site "Albena Resort, Albena Hall"]
[Date "2012.05.27"]
[Round "2"]
[White "Mammadov, Zaur"]
[Black "Akopian, Vladimir"]
[Result "0-1"]
[WhiteElo "2393"]
[BlackElo "2697"]
[PlyCount "54"]
[EventDate "2012.05.26"]
[EventRounds "9"]
[EventCountry "BUL"]

1. e4 Nf6 2. e5 Nd5 3. d4 d6 4. Nf3 g6 5. Bc4 c6 6. O-O Bg7 7. h3 O-O 8. Qe2
dxe5 9. dxe5 Be6 10. Bb3 Nd7 11. c4 Nb4 12. Bf4 Nc5 13. Rd1 Qa5 14. Nc3 Rad8
15. Ne4 Nxe4 16. Qxe4 Nd3 17. Bd2 Qb6 18. Qe2 Qc7 19. Bc3 Nf4 20. Qe3 Bh6 21.
Kh1 Kg7 22. Rxd8 Rxd8 23. Qxa7 Qc8 24. c5 Rd3 25. Bxe6 Qxe6 26. Ng1 Qd5 27. f3
Rxc3 0-1

[Event "Albena Open 2012"]
[Site "Albena Resort, Albena Hall"]
[Date "2012.05.28"]
[Round "3"]
[White "Akopian, Vladimir"]
[Black "Xiu, Deshun"]
[Result "1/2-1/2"]
[WhiteElo "2697"]
[BlackElo "2494"]
[PlyCount "161"]
[EventDate "2012.05.26"]
[EventRounds "9"]
[EventCountry "BUL"]

1. e4 c5 2. Nf3 d6 3. d4 cxd4 4. Nxd4 Nf6 5. Nc3 a6 6. Be3 e5 7. Nb3 Be7 8. f3
Be6 9. Qd2 O-O 10. O-O-O a5 11. Kb1 a4 12. Nc1 a3 13. b3 Ra5 14. Qe1 Qc7 15.
Nb5 Rxb5 16. Bxb5 d5 17. exd5 Nxd5 18. Bd2 Rc8 19. Bd3 Na6 20. c4 Nf4 21. Bc3
Bf6 22. g4 Nc5 23. Bc2 g6 24. g5 Bg7 25. Qd2 b5 26. Qd6 Qb7 27. Bxe5 Bxe5 28.
Qxe5 bxc4 29. Ka1 Qxf3 30. bxc4 Nd7 31. Qa5 Qg2 32. Qd2 Qxg5 33. Bb3 Bg4 34.
Rhf1 Qe5+ 35. Qd4 Bxd1 36. Rxf4 Bf3 37. Qxe5 Nxe5 38. Kb1 f5 39. Nd3 Be4 40.
Rxe4 fxe4 41. Nxe5 Re8 42. c5+ Kg7 43. Nc4 e3 44. Bd1 e2 45. Bxe2 Rxe2 46. c6
Re7 47. Kc2 Rc7 48. Na5 g5 49. Kd3 h5 50. Ke4 g4 51. Kf5 Kh6 52. Ke6 h4 53. Kd6
Rg7 54. Nc4 g3 55. hxg3 h3 56. Ne3 Rg6+ 57. Kc5 Rg5+ 58. Kd6 Rg6+ 59. Kc5 h2
60. c7 h1=Q 61. c8=Q Qc1+ 62. Nc4 Qg5+ 63. Kb4 Qe7+ 64. Qc5 Qb7+ 65. Qb5 Qf3
66. Qe5 Qf8+ 67. Kb3 Qf3+ 68. Kb4 Qb7+ 69. Kc3 Qc8 70. Kb4 Qf8+ 71. Kb3 Rf6 72.
Qe3+ Kh5 73. Qe2+ Rf3+ 74. Ka4 Qa8+ 75. Kb4 Qb8+ 76. Ka4 Qa7+ 77. Kb4 Qb7+ 78.
Ka4 Qc6+ 79. Kb4 Kh6 80. Qd2+ Kh7 81. Nxa3 1/2-1/2

[Event "Albena Open 2012"]
[Site "Albena Resort, Albena Hall"]
[Date "2012.05.29"]
[Round "4"]
[White "Akopian, Vladimir"]
[Black "Nikolov, Momchil"]
[Result "1/2-1/2"]
[WhiteElo "2697"]
[BlackElo "2553"]
[PlyCount "75"]
[EventDate "2012.05.26"]
[EventRounds "9"]
[EventCountry "BUL"]

1. e4 c5 2. Nf3 e6 3. d4 cxd4 4. Nxd4 a6 5. Bd3 d5 6. exd5 Qxd5 7. O-O Nd7 8.
Be2 Ngf6 9. Bf3 Qd6 10. g3 Be7 11. Nc3 O-O 12. Bf4 Qb6 13. Nb3 e5 14. Re1 Qc7
15. Nd5 Nxd5 16. Qxd5 Qxc2 17. Re2 Qg6 18. Rc1 exf4 19. Rxe7 fxg3 20. hxg3 Nf6
21. Qd6 h5 22. Nc5 h4 23. Nxb7 Bg4 24. Be4 Nxe4 25. Qxg6 fxg6 26. Rxe4 Bf3 27.
Re7 Rae8 28. Rcc7 Rxe7 29. Rxe7 h3 30. Nd6 Rf6 31. Re8+ Kh7 32. Ne4 Rf5 33. Kh2
Bxe4 34. Rxe4 Rxf2+ 35. Kxh3 Rxb2 36. Rh4+ Kg8 37. Ra4 Rb6 38. Kg4 1/2-1/2

[Event "Albena Open 2012"]
[Site "Albena Resort, Albena Hall"]
[Date "2012.05.30"]
[Round "5"]
[White "Rathnakaran, Kantholi"]
[Black "Akopian, Vladimir"]
[Result "0-1"]
[WhiteElo "2441"]
[BlackElo "2697"]
[PlyCount "94"]
[EventDate "2012.05.26"]
[EventRounds "9"]
[EventCountry "BUL"]

1. e4 c5 2. Nf3 e6 3. d3 Nc6 4. g3 g6 5. Bg2 Bg7 6. O-O Nge7 7. Nc3 O-O 8. Be3
Nd4 9. Qd2 Nec6 10. Ne1 Qa5 11. Bh6 d6 12. h4 f5 13. h5 Ne5 14. Bg5 Rf7 15.
hxg6 hxg6 16. exf5 gxf5 17. Qd1 Bd7 18. Ne2 Bc6 19. Nf4 Qa4 20. Qh5 Bf8 21. b3
Qa6 22. c3 Bxg2 23. cxd4 Rh7 24. Qxh7+ Kxh7 25. Kxg2 Qc6+ 26. d5 exd5 27. d4
cxd4 28. Rh1+ Kg8 29. Nh5 Rc8 30. Rc1 Qxc1 31. Bxc1 Rxc1 32. Nf4 Rd1 33. Ned3
Rd2 34. Nb4 Ng4 35. Rh5 Bh6 36. Nbxd5 Rxf2+ 37. Kg1 Bxf4 38. Nxf4 Rxa2 39. Rg5+
Kh7 40. Rh5+ Kg7 41. Rg5+ Kh7 42. Rh5+ Nh6 43. g4 fxg4 44. Rb5 b6 45. Rd5 Nf7
46. Rxd4 Kh6 47. Rd5 Rb2 0-1

[Event "Albena Open 2012"]
[Site "Albena Resort, Albena Hall"]
[Date "2012.05.31"]
[Round "6"]
[White "Akopian, Vladimir"]
[Black "Grigoryan, Karen H"]
[Result "1-0"]
[WhiteElo "2697"]
[BlackElo "2517"]
[PlyCount "77"]
[EventDate "2012.05.26"]
[EventRounds "9"]
[EventCountry "BUL"]

1. Nf3 Nf6 2. c4 g6 3. g3 Bg7 4. Bg2 O-O 5. O-O d6 6. Nc3 Nc6 7. d4 a6 8. Bd2
Rb8 9. Rc1 Bd7 10. b3 b5 11. d5 Na7 12. Nd4 Qe8 13. cxb5 axb5 14. Nb1 Rc8 15.
Nc6 Nxc6 16. dxc6 Bg4 17. Ba5 Ra8 18. Bxc7 Rxa2 19. Nc3 Rb2 20. h3 Be6 21. Nxb5
Qc8 22. Bb6 Bxb3 23. Qd3 d5 24. Bd4 Bc4 25. Rxc4 dxc4 26. Qxc4 Rd2 27. Be3 Rb2
28. Bd4 Rd2 29. Bc3 Rc2 30. Nd4 Rxc3 31. Qxc3 Qa6 32. Ra1 Qc8 33. Ra7 e6 34.
Qc5 Nd5 35. Nb5 h5 36. Nd6 Qb8 37. Bxd5 Qb1+ 38. Kg2 Qd1 39. Rxf7 1-0

[Event "Albena Open 2012"]
[Site "Albena Resort, Albena Hall"]
[Date "2012.06.01"]
[Round "7"]
[White "Melkumyan, Hrant"]
[Black "Akopian, Vladimir"]
[Result "1/2-1/2"]
[WhiteElo "2642"]
[BlackElo "2697"]
[PlyCount "254"]
[EventDate "2012.05.26"]
[EventRounds "9"]
[EventCountry "BUL"]

1. d4 d5 2. c4 c6 3. Nf3 Nf6 4. e3 Bf5 5. Nc3 e6 6. Nh4 Bg6 7. Nxg6 hxg6 8. Bd3
Nbd7 9. h3 Bd6 10. O-O O-O 11. Qc2 dxc4 12. Bxc4 Qe7 13. Rd1 Rac8 14. Bd2 c5
15. dxc5 Nxc5 16. Rac1 a6 17. Be1 b5 18. Bf1 Na4 19. Qb1 Nxc3 20. Bxc3 Nd5 21.
Be1 Bb4 22. Bxb4 Qxb4 23. a3 Qe7 24. g3 Nb6 25. Qd3 Rxc1 26. Rxc1 Rd8 27. Qe4
Rd2 28. Rc2 Rxc2 29. Qxc2 Qd6 30. h4 Qd7 31. Be2 Qd6 32. Kg2 Qd7 33. b3 Qd6 34.
a4 bxa4 35. bxa4 a5 36. Bb5 Qd5+ 37. e4 Qd4 38. Qc6 Kh7 39. Qb7 Nxa4 40. h5 Nc3
41. Bc6 Qf6 42. hxg6+ Qxg6 43. e5 Qf5 44. Bf3 g5 45. Qc7 Nd5 46. Qxa5 Qxe5 47.
Qd2 Kg7 48. Kg1 Nf6 49. Kg2 Qf5 50. Qe3 Kh6 51. Qd4 Kg6 52. Qe3 Kg7 53. Qd4 e5
54. Qe3 e4 55. Be2 Qe5 56. f3 exf3+ 57. Qxf3 Nd5 58. Qd3 Ne3+ 59. Kf2 Nf5 60.
Bd1 Qc5+ 61. Kg2 Ne3+ 62. Kh2 Qe5 63. Bf3 Qb2+ 64. Qe2 Qd4 65. Qe1 Qe5 66. Qe2
Qc3 67. Bh5 Qd4 68. Bf3 Nf5 69. Bg4 Nd6 70. Bf3 Nc4 71. Qe7 Qf2+ 72. Kh3 Qd2
73. Bh5 Nd6 74. Qe5+ Kg8 75. Qf6 Qd5 76. Bf3 Qe6+ 77. Qxe6 fxe6 78. Kg4 Nf7 79.
Ba8 Kg7 80. Kf3 Kf6 81. Ke4 Nd6+ 82. Kf3 Kf5 83. Bc6 Nc4 84. Be4+ Ke5 85. Bh7
Nd2+ 86. Ke3 Nf1+ 87. Kf2 Nh2 88. Ke3 Ng4+ 89. Kd3 Nh6 90. Ke3 Ng4+ 91. Kd3 Nf6
92. Bg6 Nd5 93. Bh7 Nf6 94. Bg6 Kd5 95. Bf7 Ng4 96. Bh5 Nh6 97. Ke3 Ke5 98. Bg6
Nf5+ 99. Kf3 Ne7 100. Bb1 Nd5 101. Bg6 Nf6 102. Ke3 Kd5 103. Kd3 Ng4 104. Be4+
Ke5 105. Bh7 Nh6 106. Ke3 Nf5+ 107. Kf3 Kf6 108. Kg4 Nd4 109. Bb1 Nb3 110. Ba2
Nd4 111. Bb1 Nb3 112. Ba2 Nc5 113. Bb1 Nd7 114. Kf3 Ne5+ 115. Ke4 Nc4 116. Bd3
Nd6+ 117. Kf3 Nf7 118. Bb1 Nh6 119. Ke4 Nf5 120. Kf3 Nd6 121. Ba2 Nb5 122. Bb1
Nc3 123. Bh7 Nd5 124. Bb1 Nb6 125. Ba2 Nd7 126. Kg4 Ne5+ 127. Kh5 Nf7 1/2-1/2

[Event "French League TOP 12"]
[Site "Belfort"]
[Date "2012.06.03"]
[Round "4"]
[White "Riazantsev, Alexander"]
[Black "Schlosser, Philipp"]
[Result "1/2-1/2"]
[WhiteElo "2714"]
[BlackElo "2596"]
[PlyCount "46"]
[EventDate "2012.??.??"]
[EventCountry "FRA"]

1. d4 Nf6 2. c4 e6 3. Nc3 Bb4 4. Qc2 c5 5. dxc5 a6 6. Bf4 Bxc5 7. Nf3 Nc6 8. e3
O-O 9. Be2 d5 10. cxd5 Nb4 11. Qc1 exd5 12. O-O Be6 13. Rd1 Qe7 14. Bg5 Rfd8
15. Nd4 Rac8 16. Bf3 Ba7 17. Qb1 h6 18. Bh4 Nc6 19. Nxc6 bxc6 20. Qd3 d4 21.
exd4 Bxd4 22. Qxa6 Qb4 23. Bxf6 Bxf6 1/2-1/2

[Event "Buenos Aires Masters"]
[Site "?"]
[Date "2012.06.03"]
[Round "7"]
[White "Shirov, Alexei"]
[Black "Valerga, Diego"]
[Result "1-0"]
[WhiteElo "2698"]
[BlackElo "2487"]
[PlyCount "59"]
[EventDate "2012.05.28"]

1. e4 c5 2. Nf3 e6 3. d4 cxd4 4. Nxd4 Nf6 5. Nc3 d6 6. g4 e5 7. Bb5+ Bd7 8.
Bxd7+ Qxd7 9. Nf5 h5 10. Bg5 Nh7 11. Bh4 hxg4 12. Nd5 Nc6 13. h3 g3 14. fxg3 g6
15. Nfe3 Be7 16. Bxe7 Nxe7 17. Qd2 Nxd5 18. Nxd5 O-O-O 19. O-O-O f5 20. Qe3 Kb8
21. Rd3 Rhf8 22. Ra3 a6 23. Nb4 Qc7 24. Rxa6 Qc5 25. Qb3 Rc8 26. Ra4 Kc7 27.
Na6+ bxa6 28. Rc4 Qxc4 29. Qxc4+ Kd7 30. Qxa6 1-0

[Event "French League TOP 12"]
[Site "Belfort"]
[Date "2012.06.04"]
[Round "5"]
[White "Ivanchuk, Vassily"]
[Black "Postny, Evgeny"]
[Result "1/2-1/2"]
[WhiteElo "2764"]
[BlackElo "2651"]
[PlyCount "89"]
[EventDate "2012.??.??"]
[EventCountry "FRA"]

1. d4 d5 2. c4 dxc4 3. e4 e5 4. Nf3 Bb4+ 5. Nc3 exd4 6. Nxd4 Ne7 7. a3 Nbc6 8.
Be3 Bxc3+ 9. bxc3 Ne5 10. f4 Nd3+ 11. Bxd3 cxd3 12. Qxd3 O-O 13. Qe2 c5 14. Nb5
a6 15. Rd1 Qa5 16. Nd6 Qxc3+ 17. Qd2 Qxd2+ 18. Rxd2 b6 19. Kf2 f5 20. Rb1 b5
21. Bxc5 fxe4 22. Ke3 Rd8 23. Rc1 Nf5+ 24. Kxe4 Nxd6+ 25. Bxd6 Bb7+ 26. Ke3
Bxg2 27. Rc7 Bh3 28. Be5 Rxd2 29. Rxg7+ Kf8 30. Kxd2 Rd8+ 31. Kc3 Rd7 32. Rg5
a5 33. Rh5 Bf1 34. f5 Rd3+ 35. Kb2 Rd2+ 36. Kc1 Rd5 37. Bc3 Bd3 38. Rxh7 b4 39.
axb4 axb4 40. Bxb4+ Kg8 41. Rh3 Bxf5 42. Rg3+ Kh7 43. Bd2 Rb5 44. Bc3 Rd5 45.
Kb2 1/2-1/2

[Event "French League TOP 12"]
[Site "Belfort"]
[Date "2012.06.04"]
[Round "5"]
[White "Svetushkin, Dmitry"]
[Black "Fressinet, Laurent"]
[Result "0-1"]
[WhiteElo "2597"]
[BlackElo "2715"]
[PlyCount "78"]
[EventDate "2012.??.??"]
[EventCountry "FRA"]

1. e4 e5 2. Nf3 Nc6 3. Bb5 a6 4. Ba4 Nf6 5. O-O Be7 6. Re1 b5 7. Bb3 O-O 8. h3
Bb7 9. d3 d5 10. exd5 Nxd5 11. Nxe5 Nxe5 12. Rxe5 Qd6 13. Re1 Rae8 14. Nd2 c5
15. a4 Nf6 16. axb5 axb5 17. c4 b4 18. Ne4 Qc7 19. Bc2 Nxe4 20. dxe4 Bf6 21.
Qh5 Re6 22. Rb1 b3 23. Bd3 Rd8 24. Qf3 Qd7 25. Bf1 Rde8 26. Qxb3 Bxe4 27. Rd1
Bd4 28. Ra1 Qc7 29. Be3 Rb8 30. Qa3 Bxe3 31. fxe3 h6 32. Qc3 Rg6 33. Rd2 Qg3
34. Rf2 Re8 35. Ra7 f6 36. Qa3 Re5 37. Rc7 Rh5 38. Bd3 Qxh3 39. Kf1 Qxe3 0-1

[Event "French League TOP 12"]
[Site "Belfort"]
[Date "2012.06.04"]
[Round "5"]
[White "Riazantsev, Alexander"]
[Black "Van Wely, Loek"]
[Result "1/2-1/2"]
[WhiteElo "2714"]
[BlackElo "2682"]
[PlyCount "81"]
[EventDate "2012.??.??"]
[EventCountry "FRA"]

1. d4 Nf6 2. c4 e6 3. Nf3 d5 4. Nc3 c5 5. cxd5 Nxd5 6. e4 Nxc3 7. bxc3 cxd4 8.
cxd4 Bb4+ 9. Bd2 Bxd2+ 10. Qxd2 O-O 11. Bc4 Nd7 12. O-O b6 13. d5 Nc5 14. Qf4
Bb7 15. Rad1 Qf6 16. Qxf6 gxf6 17. Nd4 Rfc8 18. dxe6 Nxe6 19. Bb3 Nxd4 20. Rxd4
Bc6 21. f3 Kf8 22. Rd6 Ke7 23. e5 fxe5 24. Rh6 a5 25. Re1 a4 26. Rxe5+ Kf8 27.
Bd5 Bxd5 28. Rxd5 Rc1+ 29. Kf2 Rc2+ 30. Kg3 Rxa2 31. Rd7 Kg8 32. Rf6 Rf8 33.
Rxb6 a3 34. Ra7 Re8 35. Rf6 Re6 36. Raxf7 Ree2 37. Rf8+ Kg7 38. R8f7+ Kg8 39.
Rf8+ Kg7 40. R6f7+ Kh6 41. Rf6+ 1/2-1/2

[Event "French League TOP 12"]
[Site "Belfort"]
[Date "2012.06.04"]
[Round "5"]
[White "Landa, Konstantin"]
[Black "Le, Quang Liem"]
[Result "0-1"]
[WhiteElo "2646"]
[BlackElo "2703"]
[PlyCount "150"]
[EventDate "2012.??.??"]
[EventCountry "FRA"]

1. d4 Nf6 2. Nf3 g6 3. g3 Bg7 4. Bg2 d5 5. O-O O-O 6. Bf4 c5 7. c3 cxd4 8. cxd4
Ne4 9. Nc3 Nxc3 10. bxc3 Nc6 11. Rb1 Na5 12. Ne5 Be6 13. Qa4 Rc8 14. Rfc1 b6
15. h4 Bf5 16. Ra1 h6 17. Nd3 e6 18. Nb2 Qe7 19. Be3 Nc4 20. Nxc4 Rxc4 21. Qa6
Rfc8 22. Bd2 Qd7 23. a4 R8c7 24. Qb5 Qc8 25. Re1 R4c6 26. Qb3 Kh7 27. a5 Rb7
28. Qb5 a6 29. Qa4 b5 30. Qb3 Rc4 31. Bf1 e5 32. e3 Be4 33. Qd1 Qf5 34. Bg2
Bxg2 35. Kxg2 e4 36. f3 h5 37. Rf1 exf3+ 38. Qxf3 Qe6 39. Rab1 f5 40. Rb4 Rc8
41. Rb3 Rbc7 42. Rc1 Bf8 43. Rcb1 Bd6 44. Rf1 Rc4 45. Ra1 Re8 46. Rbb1 Qf7 47.
Rc1 Re4 48. Be1 Qe7 49. Bf2 Bc7 50. Qd1 Kg7 51. Qf3 Rc6 52. Kg1 Qd8 53. Ra2 Rg4
54. Kf1 Kf7 55. Be1 Ke6 56. Rca1 Bd6 57. Rb2 Rc7 58. Rg2 Rg7 59. c4 bxc4 60.
Rb1 Bc7 61. Rb7 Re7 62. Qd1 Kf7 63. Qa4 Rge4 64. Bb4 Bd6 65. Rxe7+ Bxe7 66.
Bxe7 Rxe7 67. Qa3 Qc7 68. Qc3 Re8 69. Kg1 Rb8 70. Kh2 Rb3 71. Qe1 Qe7 72. Re2
Qe4 73. Qd2 c3 74. Qa2 Rb1 75. Rg2 Qxg2+ 0-1

[Event "French League TOP 12"]
[Site "Belfort"]
[Date "2012.06.05"]
[Round "6"]
[White "Fressinet, Laurent"]
[Black "Abergel, Thal"]
[Result "1-0"]
[WhiteElo "2715"]
[BlackElo "2451"]
[PlyCount "61"]
[EventDate "2012.??.??"]
[EventCountry "FRA"]

1. d4 Nf6 2. c4 g6 3. Nc3 Bg7 4. g3 O-O 5. Bg2 c6 6. Nf3 d6 7. O-O Qc7 8. h3 h6
9. e4 e5 10. Be3 Nbd7 11. Qd2 Kh7 12. Rad1 exd4 13. Nxd4 Re8 14. Rfe1 a6 15. f4
Nc5 16. Bf2 Bxh3 17. Bxh3 Nfxe4 18. Nxe4 Nxe4 19. Rxe4 Rxe4 20. Nf5 Bf8 21.
Nxd6 Bxd6 22. Qxd6 Qxd6 23. Rxd6 Rxc4 24. Rd7 Kg8 25. Rxb7 Rd8 26. Bd7 Rc2 27.
Be1 c5 28. Ba5 Ra8 29. Bc3 Kf8 30. Bf6 Rd2 31. Ba4 1-0

[Event "French League TOP 12"]
[Site "Belfort"]
[Date "2012.06.05"]
[Round "6"]
[White "Navara, David"]
[Black "Buhmann, Rainer"]
[Result "1/2-1/2"]
[WhiteElo "2706"]
[BlackElo "2567"]
[PlyCount "104"]
[EventDate "2012.??.??"]
[EventCountry "FRA"]

1. c4 c6 2. e4 d5 3. exd5 cxd5 4. d4 Nf6 5. Nc3 Nc6 6. Bg5 Ne4 7. Nxe4 dxe4 8.
d5 Ne5 9. Qd4 f6 10. Qxe4 Qb6 11. O-O-O Qxf2 12. Bf4 g6 13. Nh3 Qb6 14. Bxe5
Bf5 15. Qe1 fxe5 16. Bd3 e4 17. Bc2 Bh6+ 18. Kb1 O-O 19. Bxe4 Bg7 20. Rd2 Bxh3
21. c5 Qxc5 22. gxh3 Rf4 23. Rf1 Rxf1 24. Qxf1 Rf8 25. Qe1 Qb4 26. Bg2 Kh8 27.
a3 Qf4 28. h4 Bf6 29. Qf2 Bxh4 30. Qxf4 Rxf4 31. d6 exd6 32. Bxb7 Rf1+ 33. Kc2
Bg5 34. Rxd6 Rf2+ 35. Kb3 Rxh2 36. Be4 Re2 37. Bd3 Re7 38. Bxg6 hxg6 39. Rxg6
Bc1 40. Rg2 Rb7+ 41. Ka2 Rg7 42. Rc2 Bf4 43. Kb3 Kg8 44. Ka4 Rg5 45. b4 Kf7 46.
Rc5 Rxc5 47. bxc5 Ke6 48. Kb5 Be3 49. a4 Kd7 50. a5 Kc7 51. c6 Bf2 52. Ka6 Kxc6
1/2-1/2

[Event "French League TOP 12"]
[Site "Belfort"]
[Date "2012.06.05"]
[Round "6"]
[White "Bacrot, Etienne"]
[Black "Svetushkin, Dmitry"]
[Result "1-0"]
[WhiteElo "2695"]
[BlackElo "2597"]
[PlyCount "95"]
[EventDate "2012.??.??"]
[EventCountry "FRA"]

1. d4 Nf6 2. c4 e6 3. Nf3 d5 4. Nc3 Be7 5. Bg5 h6 6. Bh4 O-O 7. e3 Ne4 8. Bxe7
Qxe7 9. Rc1 c6 10. Bd3 Nxc3 11. Rxc3 Nd7 12. Qc2 dxc4 13. Bxc4 b6 14. Bd3 c5
15. Bh7+ Kh8 16. Be4 Rb8 17. O-O Ba6 18. Rc1 Rfc8 19. Qa4 Bb7 20. Bxb7 Rxb7 21.
Qa6 Rbc7 22. b4 Nb8 23. Qc4 Nd7 24. h3 Qd6 25. Qa6 Qf8 26. Nd2 Qd8 27. R3c2 Nb8
28. Qc4 Rc6 29. dxc5 bxc5 30. b5 Rd6 31. Ne4 Rd5 32. Nc3 Rd6 33. Ne4 Rd5 34.
Nc3 Rd6 35. Qf4 Kg8 36. Ne4 Rd1+ 37. Kh2 c4 38. Nf6+ Kf8 39. Ne4 Kg8 40. Rxd1
Qxd1 41. Rd2 Qh5 42. Nd6 c3 43. Nxc8 cxd2 44. Ne7+ Kf8 45. Qd6 d1=Q 46. Ng6+
Kg8 47. Qxb8+ Kh7 48. Ne7 1-0

[Event "French League TOP 12"]
[Site "Belfort"]
[Date "2012.06.05"]
[Round "6"]
[White "Edouard, Romain"]
[Black "Ivanchuk, Vassily"]
[Result "1/2-1/2"]
[WhiteElo "2625"]
[BlackElo "2764"]
[PlyCount "37"]
[EventDate "2012.??.??"]
[EventCountry "FRA"]

1. e4 e5 2. Nf3 Nf6 3. Nxe5 d6 4. Nf3 Nxe4 5. Nc3 Nxc3 6. dxc3 Be7 7. Be3 Nc6
8. Qd2 Be6 9. O-O-O Qd7 10. Kb1 a6 11. Be2 h6 12. Nd4 Nxd4 13. Bxd4 Rg8 14. c4
O-O-O 15. Qc3 g6 16. Bf3 Bg4 17. Rhe1 Rge8 18. h3 Bxf3 19. Qxf3 1/2-1/2

[Event "French League TOP 12"]
[Site "Belfort"]
[Date "2012.06.06"]
[Round "7"]
[White "Fressinet, Laurent"]
[Black "Riff, Jean-Noel"]
[Result "1/2-1/2"]
[WhiteElo "2715"]
[BlackElo "2494"]
[PlyCount "113"]
[EventDate "2012.??.??"]
[EventCountry "FRA"]

1. Nf3 Nf6 2. c4 e6 3. g3 d5 4. Bg2 dxc4 5. Qa4+ Nbd7 6. Qxc4 a6 7. Qc2 c5 8.
Nc3 Ra7 9. O-O b6 10. Rd1 Bb7 11. d4 Qa8 12. Bg5 cxd4 13. Bxf6 Nxf6 14. Qa4+
Bc6 15. Qxd4 Bc5 16. Qh4 O-O 17. Na4 Bxa4 18. Qxa4 Qe8 19. Qxe8 Rxe8 20. Ne5
Rc7 21. e3 Rec8 22. Rac1 g6 23. a3 a5 24. Rc3 Bf8 25. Rc6 Rxc6 26. Nxc6 Kg7 27.
Rd2 Rc7 28. Kf1 Rd7 29. Rc2 Rc7 30. Ke2 Ng4 31. Rc4 h5 32. Nxa5 Bd6 33. Rxc7
Bxc7 34. Nc6 Nxh2 35. f3 Bxg3 36. a4 Bc7 37. b4 g5 38. a5 bxa5 39. bxa5 g4 40.
a6 Bb6 41. f4 h4 42. Kf2 g3+ 43. Ke2 Ng4 44. a7 Bxa7 45. Nxa7 f5 46. Nc6 Kf6
47. Nd4 Nf2 48. Kf3 Nd3 49. Bh3 e5 50. fxe5+ Nxe5+ 51. Ke2 Ng4 52. Nf3 Nf2 53.
Ng1 Ke5 54. Kf3 Ne4 55. Ke2 Nf2 56. Nf3+ Kf6 57. Ng1 1/2-1/2

[Event "French League TOP 12"]
[Site "Belfort"]
[Date "2012.06.06"]
[Round "7"]
[White "Riazantsev, Alexander"]
[Black "Le Roux, Jean-Pierre"]
[Result "1-0"]
[WhiteElo "2714"]
[BlackElo "2551"]
[PlyCount "53"]
[EventDate "2012.??.??"]
[EventCountry "FRA"]

1. d4 Nf6 2. c4 g6 3. Nc3 d5 4. cxd5 Nxd5 5. Na4 Bg7 6. e4 Nb6 7. Be3 O-O 8.
Nf3 Bg4 9. Nc5 Nc6 10. Nxb7 Qb8 11. Ba6 f5 12. exf5 Rxf5 13. Nc5 e5 14. Qb3+
Kh8 15. Nxe5 Nxe5 16. dxe5 Rxe5 17. O-O Qf8 18. Rac1 Rd8 19. h3 Bf5 20. Rfd1
Red5 21. Re1 Re5 22. Red1 Red5 23. Rxd5 Rxd5 24. a4 Rd6 25. Nb7 Rd7 26. a5 Nd5
27. Bb5 1-0

[Event "French League TOP 12"]
[Site "Belfort"]
[Date "2012.06.06"]
[Round "7"]
[White "Dreev, Aleksey"]
[Black "Ivanchuk, Vassily"]
[Result "1/2-1/2"]
[WhiteElo "2694"]
[BlackElo "2764"]
[PlyCount "43"]
[EventDate "2012.??.??"]
[EventCountry "FRA"]

1. d4 d5 2. c4 dxc4 3. e4 Nf6 4. e5 Nd5 5. Bxc4 Nb6 6. Bd3 Nc6 7. Be3 Nb4 8.
Be4 f5 9. exf6 exf6 10. Nc3 f5 11. Bb1 Bd6 12. Nf3 Be6 13. O-O Qd7 14. Re1 O-O
15. Bd2 Kh8 16. Nb5 Nc6 17. Bd3 Bd5 18. Nxd6 Qxd6 19. Bc3 Qg6 20. Nh4 Qg5 21.
Nf3 Qg6 22. Nh4 1/2-1/2

[Event "French League TOP 12"]
[Site "Belfort"]
[Date "2012.06.06"]
[Round "7"]
[White "Bacrot, Etienne"]
[Black "Giri, Anish"]
[Result "1/2-1/2"]
[WhiteElo "2695"]
[BlackElo "2693"]
[PlyCount "52"]
[EventDate "2012.??.??"]
[EventCountry "FRA"]

1. d4 d5 2. c4 c6 3. Nc3 Nf6 4. e3 e6 5. Nf3 Nbd7 6. Qc2 Bd6 7. Bd3 O-O 8. O-O
dxc4 9. Bxc4 b5 10. Bd3 Bb7 11. a3 h6 12. Rd1 a6 13. e4 e5 14. h3 Qc7 15. Be3
Rfe8 16. b4 Rac8 17. dxe5 Nxe5 18. Nxe5 Bxe5 19. Rac1 c5 20. bxc5 Bxc3 21. Qxc3
Nxe4 22. Bxe4 Rxe4 23. Rd6 Rc4 24. Qd2 Rxc1+ 25. Qxc1 Qxd6 26. cxd6 Rxc1+
1/2-1/2

[Event "French League TOP 12"]
[Site "Belfort"]
[Date "2012.06.06"]
[Round "7"]
[White "Le, Quang Liem"]
[Black "Gharamian, Tigran"]
[Result "1/2-1/2"]
[WhiteElo "2703"]
[BlackElo "2672"]
[PlyCount "50"]
[EventDate "2012.??.??"]
[EventCountry "FRA"]

1. Nf3 Nf6 2. c4 g6 3. Nc3 Bg7 4. e4 d6 5. d4 O-O 6. Be2 e5 7. O-O Nc6 8. Be3
Ng4 9. Bg5 f6 10. Bc1 f5 11. Bg5 Qd7 12. exf5 exd4 13. f6 Nxf6 14. Nxd4 Ne4 15.
Nxe4 Nxd4 16. Bd3 Ne6 17. Qc2 Nxg5 18. Nxg5 Qg4 19. Ne4 Bd7 20. Nc3 Rae8 21.
Be4 c6 22. Rad1 Be6 23. Ne2 Bf5 24. Bxf5 Rxe2 25. Bxg4 Rxc2 1/2-1/2

[Event "French League TOP 12"]
[Site "Belfort"]
[Date "2012.06.06"]
[Round "7"]
[White "So, Wesley"]
[Black "Navara, David"]
[Result "1/2-1/2"]
[WhiteElo "2653"]
[BlackElo "2706"]
[PlyCount "139"]
[EventDate "2012.??.??"]
[EventCountry "FRA"]

1. Nf3 Nf6 2. c4 g6 3. Nc3 d5 4. d4 Bg7 5. Qa4+ Bd7 6. Qb3 dxc4 7. Qxc4 O-O 8.
Bf4 Na6 9. e4 c5 10. e5 Nh5 11. Be3 cxd4 12. Qxd4 Bc6 13. Be2 Qc7 14. O-O Bxf3
15. Bxf3 Bxe5 16. Qe4 Nc5 17. Qb4 Nd3 18. Qb3 Bxc3 19. Qxc3 Qxc3 20. bxc3 Rac8
21. Bxa7 Rxc3 22. Rfb1 Nc5 23. Bxb7 Nxb7 24. Rxb7 Ra8 25. a4 Rc6 26. a5 Ra6 27.
Bd4 Kf8 28. Rab1 Nf6 29. Rb8+ Ne8 30. Bc3 f6 31. Kf1 Kf7 32. Rxa8 Rxa8 33. Ke2
Ke6 34. Kd3 Nd6 35. Bb4 Ra6 36. Ra1 Kd5 37. Rc1 h5 38. Rc7 Ke6 39. Kc2 Kd5 40.
Rxe7 Kc4 41. Bxd6 Rxd6 42. Re1 Kb5 43. Ra1 Ka6 44. Kc3 Rd5 45. Ra4 g5 46. Ra2
Rd1 47. h3 f5 48. Rd2 Rg1 49. g3 Rh1 50. Rd5 Rxh3 51. Rxf5 g4 52. Kd2 h4 53.
gxh4 Rxh4 54. Rg5 Rh2 55. Ke2 Rh3 56. Rxg4 Kxa5 57. Rc4 Rh8 58. f3 Kb5 59. Rc1
Re8+ 60. Kf2 Rh8 61. f4 Rh3 62. Kg2 Rd3 63. Rc2 Kb6 64. Rc8 Ra3 65. Rc4 Kb5 66.
Rc2 Kb6 67. f5 Ra5 68. f6 Rg5+ 69. Kf1 Rg8 70. Ke2 1/2-1/2

[Event "French League TOP 12"]
[Site "Belfort"]
[Date "2012.06.07"]
[Round "8"]
[White "Navara, David"]
[Black "Bacrot, Etienne"]
[Result "0-1"]
[WhiteElo "2706"]
[BlackElo "2695"]
[PlyCount "98"]
[EventDate "2012.??.??"]
[EventCountry "FRA"]

1. d4 Nf6 2. c4 g6 3. g3 Bg7 4. Bg2 d5 5. cxd5 Nxd5 6. e4 Nb6 7. Ne2 c5 8. d5
e6 9. O-O O-O 10. Nec3 Na6 11. a4 exd5 12. exd5 Nc4 13. Nd2 Ne5 14. Nde4 Bg4
15. f3 Bd7 16. Bg5 f6 17. Bf4 f5 18. Nd6 Nb4 19. Bxe5 Bxe5 20. Nc4 Bd4+ 21. Kh1
f4 22. Ne2 fxg3 23. hxg3 Qg5 24. Nxd4 Qxg3 25. Qe1 Qxe1 26. Rfxe1 cxd4 27. Re7
Rad8 28. Ne5 Bc8 29. Bf1 Rfe8 30. d6 Rxe7 31. dxe7 Re8 32. Rc1 Kg7 33. Bb5 Rxe7
34. Rxc8 Rxe5 35. Rc7+ Kf6 36. Rxb7 Re7 37. Rb8 d3 38. Rd8 Re1+ 39. Kg2 Re2+
40. Kg3 Rxb2 41. Kf4 a6 42. Bc4 Ke7 43. Rh8 d2 44. Rxh7+ Kd6 45. Rh1 Kc5 46.
Be2 Nd5+ 47. Ke4 Nc3+ 48. Kd3 Nxe2 49. Kxe2 d1=Q+ 0-1